| 000 | 02264cam a22005054i 4500 | ||
|---|---|---|---|
| 003 | PE-LiUPU | ||
| 005 | 20250731173418.0 | ||
| 008 | 150706s r 000 0 d | ||
| 020 | _a9781602551329 | ||
| 035 | _a(Sirsi) i9781602551329 | ||
| 040 |
_aPE-LiUPU _bspa _cPE-LiUPU _erda |
||
| 049 | _aPRUA | ||
| 082 | 0 | 4 |
_a232 _bC95v _221 |
| 100 | 1 |
_aCury, Augusto, _eautor. |
|
| 245 | 1 | 3 |
_aEl Maestro de la vida : _bJesús el mayor sembrador de alegría, libertad y esperanza / _cAugusto Cury. |
| 264 | 1 |
_aNashville, Tennessee : _bGrupo Nelson, _c2009. |
|
| 300 |
_a185 páginas ; _c21 cm. |
||
| 336 |
_atext _2rdacontent |
||
| 337 |
_aunmediated _2rdamedia |
||
| 338 |
_avolume _2rdacarrier |
||
| 490 | 0 | _aAnálisis de la inteligencia de Cristo | |
| 500 | _aTítulo en portugués: O Mestre da vida. | ||
| 505 | 0 | _aLas causas sociales del juicio -- el maestro de la vida paraliza a los soldados -- El poderoso y dócil: un ilustre psicoterapeuta -- Rechazado y torturado en la casa de Anás -- Condenado en la casa de Caifás por el Sanedrín -- El juicio realizado por el imperio romano -- Dos Herodes amenazando a Jesús -- Cambiado por un asesino: los azotes y la corona de espinas -- El último intento de los líderes judíos -- El plan más osado de la historia -- Las lecciones y el entrenamiento de las emociones del maestro de la vida. | |
| 526 | _aSEG42 | ||
| 526 | _aSEG41 | ||
| 526 | _aSEG40 | ||
| 526 | _aSEG39 | ||
| 526 | _aP94 | ||
| 526 | _aP87 | ||
| 526 | _aP86 | ||
| 526 | _aP85 | ||
| 526 | _aP77 | ||
| 526 | _aP76 | ||
| 526 | _aP35 | ||
| 541 | _g001-0000579; | ||
| 600 | 1 | _aJesucristo | |
| 630 |
_aBiblia. _pN.T. _xEvangelios _vCrítica e interpretación. |
||
| 700 | 1 |
_aOliveira, María Fernanda, _etr. |
|
| 910 |
_agl _bjv _clch _d20120612 |
||
| 942 |
_2ddc _cBOOK |
||
| 949 |
_a232 C95V _wDEWEY _c1 _i64879 _lCCODEBUL1 _mBUL _p14.00 _r0 _sY _tBOOK _u2015-7-6 _xTEOLOGIA _PP35 _o.STAFF. Colección General |
||
| 994 |
_aC0 _bPEPRU |
||
| 596 | _a1 | ||
| 999 |
_a232 C95V _wDEWEY _c53584 _i64879 _d53584 _e2019-1-30 _f2021-11-9 _g5 _lCCODEBUL1 _mBUL _n1 _p14.00 _r0 _sY _tBOOK _u2015-7-6 _xTEOLOGIA _PP35 _0COMPRA _o.STAFF. Colección General |
||
| 980 |
_81 _gALBERTO SANCHEZ Responsable de Automatización |
||